000
00309nam a22001337a 4500
008
171011b xxu||||| |||| 00| 0 eng d
020
_a
2900131850513
041
_a
eng
080
_2
6 ED
_a
316
100
_a
50
101
_a
SOC
245
_a
CONTEMPORARY SOCIOLOGICAL THEORY
_c
WOLF.A
942
_2
udc
_c
BK
999
_c
33121
_d
33121